[Event "Perth op"]
[Site "Perth"]
[Date "2023.01.03"]
[Round "3"]
[White "De Jong, Sjef"]
[Black "Sheridan, Wallace"]
[Result "0-1"]
[WhiteElo "1593"]
[BlackElo "1461"]
[PlyCount "92"]
[EventDate "2023.01.02"]
[EventType "swiss"]
[EventRounds "11"]
[EventCountry "AUS"]
[SourceTitle "CBM 212 Extra"]
[Source "ChessBase"]
[SourceDate "2023.03.31"]
[SourceVersion "1"]
[SourceVersionDate "2023.03.31"]
[SourceQuality "1"]

1. e4 d6 2. d4 Nf6 3. Nc3 e5 4. dxe5 dxe5 5. Qxd8+ Kxd8 6. Bc4 Ke8 7. Nf3 Bd6 8. Ng5 Rf8 9. 0-0 h6 10. Nf3 a6 11. a4 Nbd7 12. Re1 Nc5 13. b4 Ne6 14. Na2 Bd7 15. Bb3 Bc6 16. c4 b6 17. Bb2 Nd7 18. Rac1 Ke7 19. g3 Ng5 20. Nxg5 hxg5 21. f3 Bb7 22. Re2 f6 23. Rd2 a5 24. Rcd1 axb4 25. Nxb4 Nc5 26. Bc2 Nxa4 27. Bxa4 Rxa4 28. Nd5+ Bxd5 29. cxd5 Ra2 30. Rc2 Rfa8 31. Rdd2 Kd7 32. Kg2 Ba3 33. Kh3 Rxb2 34. Rxb2 Bxb2 35. Rxb2 Ra3 36. Kg4 g6 37. f4 gxf4 38. gxf4 Ra4 39. Re2 exf4 40. Kxf4 f5 41. Kg5 Rxe4 42. Rg2 Rg4+ 43. Rxg4 fxg4 44. Kxg6 b5 45. Kg5 b4 46. Kxg4 b3 0-1

[Event "Perth op"]
[Site "Perth"]
[Date "2023.01.02"]
[Round "1"]
[White "Hardegen, Kathryn"]
[Black "Sheridan, Wallace"]
[Result "1-0"]
[WhiteElo "1887"]
[BlackElo "1461"]
[PlyCount "81"]
[EventDate "2023.01.02"]
[EventType "swiss"]
[EventRounds "11"]
[EventCountry "AUS"]
[SourceTitle "CBM 212 Extra"]
[Source "ChessBase"]
[SourceDate "2023.03.31"]
[SourceVersion "1"]
[SourceVersionDate "2023.03.31"]
[SourceQuality "1"]

1. d4 d5 2. Nf3 Nf6 3. Bf4 e6 4. e3 Bd6 5. Bg3 0-0 6. Bd3 c5 7. c3 Nc6 8. Nbd2 b6 9. Ne5 Bb7 10. 0-0 Ne7 11. Rc1 Ne4 12. Bxe4 dxe4 13. Qc2 f6 14. Nec4 Bxg3 15. hxg3 cxd4 16. exd4 Rc8 17. Rfe1 f5 18. Ne5 Nc6 19. Nxc6 Bxc6 20. Nc4 Bd5 21. Ne5 a5 22. b3 Qg5 23. Nd7 Rfd8 24. Nxb6 Rc7 25. Nxd5 exd5 26. Qe2 Rdc8 27. c4 dxc4 28. bxc4 Qf6 29. d5 Rc5 30. Red1 Qa6 31. d6 Rd8 32. Qd2 Qc6 33. Qd4 Rd7 34. Rb1 Kf7 35. Rb8 Rxc4 36. Qe5 Rc5 37. Qe8+ Kf6 38. Rd8 Rxd8 39. Qxd8+ Kf7 40. Qe7+ Kg6 41. d7 1-0

[Event "Johor op-A 7th"]
[Site "Johor"]
[Date "2022.12.27"]
[Round "3"]
[White "Sheridan, Wallace"]
[Black "Sen, Kiu"]
[Result "0-1"]
[WhiteElo "1462"]
[BlackElo "2169"]
[PlyCount "80"]
[EventDate "2022.12.26"]
[EventType "swiss"]
[EventRounds "9"]
[EventCountry "MAS"]
[SourceTitle "CBM 212 Extra"]
[Source "ChessBase"]
[SourceDate "2023.03.31"]
[SourceVersion "1"]
[SourceVersionDate "2023.03.31"]
[SourceQuality "1"]

1. d4 d5 2. Nf3 Nf6 3. e3 Bg4 4. h3 Bh5 5. g4 Bg6 6. Ne5 Nfd7 7. Nxg6 hxg6 8. Bg2 c6 9. c4 e6 10. Qc2 Be7 11. 0-0 Na6 12. a3 Rc8 13. Qe2 Nf6 14. Nc3 0-0 15. Rd1 Bd6 16. e4 Nxe4 17. Nxe4 dxe4 18. Qxe4 Bb8 19. Bf4 Re8 20. Be5 Re7 21. b4 Rd7 22. Bxb8 Nxb8 23. Rd2 Rd6 24. Rad1 Nd7 25. Qf4 Nf6 26. g5 Nh7 27. h4 Rd7 28. d5 cxd5 29. cxd5 exd5 30. Bxd5 Qe8 31. Bf3 Rxd2 32. Qxd2 b6 33. Qd7 Nf8 34. Qxa7 Qe6 35. Kg2 Rc4 36. Qb7 Rxh4 37. Qd5 Qh3+ 38. Kg1 Rf4 39. Bg2 Qxa3 40. Rd4 Qa1+ 0-1

[Event "Perth Huntingdale Masters"]
[Site "Perth"]
[Date "2006.06.16"]
[Round "9"]
[White "Boyd, Tristan"]
[Black "Sheridan, Wallace"]
[Result "1-0"]
[WhiteElo "2240"]
[BlackElo "1466"]
[PlyCount "47"]
[EventDate "2006.04.21"]
[EventType "tourn"]
[EventRounds "9"]
[EventCountry "AUS"]
[SourceTitle "EXT 2010"]
[Source "ChessBase"]
[SourceDate "2010.11.25"]
[SourceVersion "1"]
[SourceVersionDate "2010.11.25"]
[SourceQuality "1"]

1. e4 d6 2. d4 Nf6 3. Nc3 Nbd7 4. Nf3 e5 5. Bc4 Be7 6. 0-0 0-0 7. a4 c6 8. Re1 b6 9. Ba2 a6 10. Bg5 Bb7 11. Qe2 b5 12. Rad1 Qc7 13. Nh4 b4 14. Nf5 Bd8 15. dxe5 dxe5 16. Nb1 Ne8 17. Qg4 Ndf6 18. Bxf6 Bxf6 19. Rd7 Qc8 20. Nh6+ Kh8 21. Nxf7+ Rxf7 22. Rxf7 Nd6 23. Qxc8+ Rxc8 24. Rd7 1-0

[Event "Perth Huntingdale Masters"]
[Site "Perth"]
[Date "2006.06.02"]
[Round "7"]
[White "Roza, Peter"]
[Black "Sheridan, Wallace"]
[Result "1-0"]
[WhiteElo "1937"]
[BlackElo "1466"]
[PlyCount "42"]
[EventDate "2006.04.21"]
[EventType "tourn"]
[EventRounds "9"]
[EventCountry "AUS"]
[SourceTitle "EXT 2010"]
[Source "ChessBase"]
[SourceDate "2010.11.25"]
[SourceVersion "1"]
[SourceVersionDate "2010.11.25"]
[SourceQuality "1"]

1. e4 d6 2. d4 Nf6 3. Nc3 Nbd7 4. f4 e5 5. Nf3 exd4 6. Qxd4 g6 7. e5 dxe5 8. fxe5 Bc5 9. Qh4 Qe7 10. Be2 Nxe5 11. Bg5 Neg4 12. 0-0-0 Be3+ 13. Kb1 Bxg5 14. Nxg5 Ne3 15. Rhe1 Kf8 16. Bc4 Bf5 17. Qh6+ Kg8 18. Rxe3 Qf8 19. Bxf7+ Qxf7 20. Nxf7 Kxf7 21. Rde1 Rae8 1-0

[Event "Perth Huntingdale Masters"]
[Site "Perth"]
[Date "2006.05.26"]
[Round "6"]
[White "Sheridan, Wallace"]
[Black "Donaldson, Thomas"]
[Result "0-1"]
[WhiteElo "1466"]
[BlackElo "1788"]
[PlyCount "96"]
[EventDate "2006.04.21"]
[EventType "tourn"]
[EventRounds "9"]
[EventCountry "AUS"]
[SourceTitle "EXT 2010"]
[Source "ChessBase"]
[SourceDate "2010.11.25"]
[SourceVersion "1"]
[SourceVersionDate "2010.11.25"]
[SourceQuality "1"]

1. d4 d5 2. Nf3 c6 3. e3 Bg4 4. c4 Bxf3 5. Qxf3 e6 6. Nc3 f5 7. cxd5 cxd5 8. Bb5+ Nc6 9. a3 Nf6 10. Bd2 Bd6 11. Rc1 Rc8 12. 0-0 0-0 13. Bxc6 bxc6 14. Na4 Ne4 15. Qe2 Rf6 16. f4 Rh6 17. Be1 g5 18. g3 Qe7 19. b4 g4 20. Nc5 Nf6 21. Nd3 Rc7 22. Ne5 Bxe5 23. fxe5 Ne4 24. Kg2 Ng5 25. Rh1 Rh3 26. Qa6 Qe8 27. b5 Nf3 28. Bf2 Qh5 29. Bg1 Nxg1 30. Kxg1 Qh6 31. Rxc6 Qxe3+ 32. Kg2 Qf3+ 33. Kg1 Rxg3+ 34. hxg3 Qxg3+ 35. Kf1 Qf3+ 36. Ke1 Qxh1+ 37. Kd2 Qh2+ 38. Kd3 Qg3+ 39. Kd2 Qf4+ 40. Kd3 Qe4+ 41. Kc3 Qe3+ 42. Kc2 Qe2+ 43. Kc3 Rf7 44. Qc8+ Kg7 45. Qxe6 Qe3+ 46. Kc2 g3 47. Qxd5 Qf2+ 48. Kd3 g2 0-1

[Event "Perth Respini-C"]
[Site "Perth"]
[Date "2005.10.27"]
[Round "8"]
[White "Pilgrim, R."]
[Black "Sheridan, Wallace"]
[Result "1-0"]
[WhiteElo "1513"]
[BlackElo "1538"]
[PlyCount "60"]
[EventDate "2005.09.01"]
[EventType "tourn"]
[EventRounds "9"]
[EventCountry "AUS"]
[SourceTitle "EXT 2010"]
[Source "ChessBase"]
[SourceDate "2010.11.25"]
[SourceVersion "1"]
[SourceVersionDate "2010.11.25"]
[SourceQuality "1"]

1. Nf3 Nf6 2. g3 d5 3. d4 e6 4. Bg2 Bd6 5. Nbd2 Nbd7 6. 0-0 0-0 7. Re1 Ne4 8. Nxe4 dxe4 9. Ng5 Nf6 10. Nxe4 Nxe4 11. Bxe4 Rb8 12. c3 b6 13. Bc6 Bd7 14. Bxd7 Qxd7 15. e4 Rbd8 16. Bg5 Be7 17. Bxe7 Qxe7 18. Qd3 c5 19. d5 exd5 20. exd5 Qf6 21. Rad1 Rfe8 22. Rxe8+ Rxe8 23. d6 Qd8 24. d7 Re7 25. Qd6 g6 26. Qxe7 Qxe7 27. d8Q+ Qxd8 28. Rxd8+ Kg7 29. Ra8 a5 30. Rb8 h5 1-0

[Event "Perth Respini-C"]
[Site "Perth"]
[Date "2005.10.13"]
[Round "6"]
[White "Sheridan, Wallace"]
[Black "Arnold, A."]
[Result "1-0"]
[WhiteElo "1538"]
[BlackElo "1359"]
[PlyCount "91"]
[EventDate "2005.09.01"]
[EventType "tourn"]
[EventRounds "9"]
[EventCountry "AUS"]
[SourceTitle "EXT 2010"]
[Source "ChessBase"]
[SourceDate "2010.11.25"]
[SourceVersion "1"]
[SourceVersionDate "2010.11.25"]
[SourceQuality "1"]

1. d4 d5 2. Nf3 Bf5 3. c4 c6 4. cxd5 cxd5 5. Nc3 e6 6. e3 Nc6 7. Qb3 Rb8 8. Bd2 Bd6 9. Nb5 Nge7 10. Rc1 0-0 11. Nxd6 Qxd6 12. Be2 h6 13. 0-0 Be4 14. Rfd1 a6 15. Ne1 Bf5 16. Nd3 Bxd3 17. Bxd3 f5 18. Qb6 Qd8 19. Qxd8 Rfxd8 20. Bc3 g5 21. f3 Kf7 22. a4 Rg8 23. g4 Ra8 24. b4 Na7 25. b5 Nac8 26. bxa6 bxa6 27. Bb4 Rb8 28. Bc5 Rb3 29. Rb1 Rxb1 30. Rxb1 fxg4 31. fxg4 a5 32. Bb5 Ng6 33. Rf1+ Kg7 34. Bd7 e5 35. dxe5 Nce7 36. e6 Rf8 37. Rxf8 Kxf8 38. Bb6 Ne5 39. h3 Nc4 40. Bc5 Ne5 41. Kf1 Nd3 42. Bb6 Ne5 43. Ke2 Nc4 44. Bc5 Nb2 45. Bc6 Nxa4 46. Bxa4 1-0